Matemáticas /

Guardado en:
Autor Principal: Abellanas Rapún, Lorenzo
Otros Autores: García Arribas, Juan Carlos, Martínez Ontalba, Celia
Formato: Libro
Publicado: Madrid : Macgraw-hill Interamericana, 1998
Materias:
Etiquetas: Agregar Etiqueta
Sin Etiquetas, Sea el primero en etiquetar este registro!
LEADER 00715nam a22002175a 4500
001 CEM.cems010363
005 20080521131424.0
008 130507s1998##################000#0#####d
003 CEMS
020 |a 8448104331 
082 0 4 |a 510 
100 1 |a Abellanas Rapún, Lorenzo 
245 1 0 |a Matemáticas /  |c Lorenzo Abellanas Rapún, Juan Carlos García Arribas, Celia Martínez Ontalba 
260 |a Madrid :  |b Macgraw-hill Interamericana,  |c 1998 
300 |a 429 p. 
505 0 |a Para 2º año bachillerato 
653 |a Matemáticas 
653 |a Matemática-polimodal 
700 1 |a García Arribas, Juan Carlos 
700 1 |a Martínez Ontalba, Celia 
859 |a CEMS  |b BIB. CEMS - 11 de abril  |h 510  |i Ab35  |p 20773.00  |t Ej.1  |v 2º  |3 2º